000 00342nam a22001457a 4500
008 210322b ||||| |||| 00| 0 eng d
020 _a9780538473453
041 _aeng
080 _22nd
_a330.722.6
082 _a330.722.6
100 _a61
101 _aKF
245 _aCornerstones of Financial Accounting
_cRich, J. S
942 _2udc
_cBK
999 _c56674
_d56674